Mysore act, ardinances and orders under the constitution by Governer (Record no. 488586)

000 -LEADER
fixed length control field 00301cam a22000977a 4500
008 - FIXED-LENGTH DATA ELEMENTS--GENERAL INFORMATION
fixed length control field 180718b-- xxu||||| |||| 00| 0 eng d
082 ## - DEWEY DECIMAL CLASSIFICATION NUMBER
Classification number A42x5444
100 ## - MAIN ENTRY--PERSONAL NAME
Personal name Mysore Finance Department
245 ## - TITLE STATEMENT
Title Mysore act, ardinances and orders under the constitution by Governer
260 ## - PUBLICATION, DISTRIBUTION, ETC.
Place of publication, distribution, etc. Bangalore
Name of publisher, distributor, etc. The author
Date of publication, distribution, etc. --
Holdings
Withdrawn status Lost status Damaged status Not for loan Permanent Location Current Location Date acquired Full call number Barcode Date last seen Price effective from Koha item type
        Indian Institute of Public Administration Indian Institute of Public Administration 2018-08-04 A42x5444 GG9014 2018-08-04 2018-08-04 GG

Powered by Koha